000 00683nam a22002177a 4500
003 OSt
005 20251216103712.0
008 161127t xxu||||| |||| 00| 0 eng d
020 _a9789834715120
040 _cMIU
_beng
_dMIU_ain
_dMILA_ain
050 _aDS36.86
_b.A353 2015
100 _aAhmad Zaki Abd. Latif
_92097
245 _aTamadun Islam dan tamadun Asia (TITAS) /
_cAhmad Zaki Abd Latiff, Azam Hamzah, Azhar Mad Aros.
250 _a3rd ed.
260 _aShah Alam, Selangor:
_bOxford Fajar Sdn Bhd,
_c2015.
300 _avi, 90 p. :
_c24 cm.
650 _aCivilization, Islamic
_92098
700 _aAzam Hamzah
_92099
700 _aAzhar Mad Aros
_92100
942 _2lcc
_cBK
999 _c2340
_d2340